000 00729nam a2200253Ia 4500
003 OSt
005 20220925204920.0
006 a|||||r|||| 00| 0
007 ta
008 220923b |||||||| |||| 00| 0 eng d
037 _cGeneral Book
040 _aRTL
_cRTL
_beng
041 _2eng
_aeng
082 _aY:3(P), L9
100 _aMey Jacob L Ed.
_964966
245 0 _aPragmalinguistics
_b Theory and practice
260 _aHague
_bMouton
_c1979
300 _a444p
_ccm.
490 _aRasmus Rask Studies Pragmatic Linguistics.1
500 _aBibliography chapterwise
650 _aSociology of Language
_9231513
942 _hY:3(P), L9
_cGB
_2CC
999 _c550793
_d550793